000 00824nam a22001937a 4500
005 20240220105240.0
010 _aHIN-126916
020 _c300.00
_a9788195213368
035 _aHN-99262
037 _bDBAD/PUB
082 _a821
100 _aगजेन्द्र सिंह
_962277
245 _aभक्ति ज्ञान सागर/
_cगजेन्द्र सिंह
250 _a1
260 _aदिल्ली
_bएस. पी. कौशिक इंटरप्राइजेज
_c2022
270 _aए-49 , भू-तल , गली न. 6 , जगत पुरी एक्सटेंशन
_bदिल्ली
_e110093
_mspkaushikenterprises@gmail.com
300 _a103p.;
_c22 सेमी (सजिल्द)
942 _2ddc
_cHN
_h821
_mगजेन्द्र
999 _c200910
_d200910